000 00506nam a2200193Ia 4500
005 20250217055117.0
008 240331s9999 xx 000 0 und d
020 _a041507908X
082 _bSAS
_23893
_a305.4
245 0 _aWomen and the State:
_bThe Shifting Boundaries of Public and Private
260 _aLondon;
_aNew York
_bRoutledge
_c1992
300 _a311 p.,
650 _aWomen
650 _aState
650 _aContemporary Society
650 _aFamily
700 _aSassoon, A. S
942 _cL
999 _c1735
_d1735